Secrets from the past /
Describes the work of archaeologists and discusses some significant archaeological finds in the old and new worlds and what they have revealed about man's progress and civilization through the ages.
المؤلف الرئيسي:
التنسيق: كتاب
اللغة: English
منشور في:
[Washington] :
National Geographic Society,
1979.
سلاسل:
Books for world explorers.
الموضوعات:
الوسوم: إضافة وسم
رقم الطلب: CC171 .S85 1979
| LEADER | 01239nam a2200313 i 4500 | ||
|---|---|---|---|
| 001 | 4339 | ||
| 003 | OSt | ||
| 005 | 20240819071528.0 | ||
| 008 | 130303s1979 dcua b 001 0 eng d | ||
| 952 | |0 0 |1 0 |2 lcc |4 0 |6 CC0171 S85 01979 |7 1 |9 57821 |a ARCE |b ARCE |d 2023-12-14 |l 0 |o CC171 .S85 1979 |p 1008217 |r 2023-12-14 00:00:00 |w 2023-12-14 |y BK | ||
| 999 | |c 914 |d 914 | ||
| 010 | |a 79001790 | ||
| 020 | |a 087044316X | ||
| 035 | |a ocm05563430 | ||
| 040 | |c ARCE Library | ||
| 042 | |a lcac | ||
| 050 | 4 | |a CC171 .S85 1979 | |
| 100 | 1 | |a Stuart, Gene S., |e author | |
| 245 | 1 | 0 | |a Secrets from the past / |c by Gene S. Stuart. |
| 264 | 1 | |a [Washington] : |b National Geographic Society, |c 1979. | |
| 300 | |a 104 pages : |b color illustrations (1 fold in pocket) ; |c 28 cm. | ||
| 490 | 0 | |a Books for world explorers. | |
| 500 | |a In pocket: Far out fun booklet (23 pages) | ||
| 504 | |a Includes bibliographic references (page 104) and index. | ||
| 520 | |a Describes the work of archaeologists and discusses some significant archaeological finds in the old and new worlds and what they have revealed about man's progress and civilization through the ages. | ||
| 650 | 0 | |a Archaeology. | |
| 650 | 0 | 0 | |a Archaeology |x Juvenile literature. |
| 901 | |a reviewed | ||
| 942 | |c BK |2 lcc | ||
